Collected papers (Record no. 79444)
[ view plain ]
| 000 -LEADER | |
|---|---|
| fixed length control field | 01224nam a2200193 a 4500 |
| 008 - FIXED-LENGTH DATA ELEMENTS--GENERAL INFORMATION | |
| fixed length control field | 120416s1959 ||||||||||||||||| || u |
| 050 ## - LIBRARY OF CONGRESS CALL NUMBER | |
| Classification number | BF 173 Fre |
| 100 ## - MAIN ENTRY--PERSONAL NAME | |
| Personal name | Freud, Sigmund, 1856-1939 |
| 245 10 - TITLE STATEMENT | |
| Title | Collected papers |
| 246 ## - | |
| -- | authorised translation under the supervision ... |
| 260 ## - PUBLICATION, DISTRIBUTION, ETC. | |
| Place of publication, distribution, etc. | New York |
| Date of publication, distribution, etc. | 1959 |
| 350 ## - | |
| -- | 0.00 |
| 650 ## - SUBJECT ADDED ENTRY--TOPICAL TERM | |
| Topical term or geographic name entry element | PHILOSOPHY |
| 995 ## - | |
| -- | ANNEX COLLECTION (Main Library) |
| -- | 0.00 |
| -- | 709800 |
| -- | CBU-MAIN LIBRARY (Kitwe) |
| -- | 3 |
| -- | 0.00 |
| -- | BF 173 Fre |
| -- | 3 |
| -- | AVAILABLE |
| -- | May 15, 2006 |
| -- | 000970 |
| -- | Annex Low-Usage Collection |
| 995 ## - | |
| -- | ANNEX COLLECTION (Main Library) |
| -- | 0.00 |
| -- | 709797 |
| -- | CBU-MAIN LIBRARY (Kitwe) |
| -- | 5 |
| -- | 0.00 |
| -- | BF 173 Fre |
| -- | 5 |
| -- | AVAILABLE |
| -- | May 15, 2006 |
| -- | 000967 |
| -- | Annex Low-Usage Collection |
| 995 ## - | |
| -- | ANNEX COLLECTION (Main Library) |
| -- | 0.00 |
| -- | 709798 |
| -- | CBU-MAIN LIBRARY (Kitwe) |
| -- | 2 |
| -- | 0.00 |
| -- | BF 173 Fre |
| -- | 2 |
| -- | AVAILABLE |
| -- | May 15, 2006 |
| -- | 000968 |
| -- | Annex Low-Usage Collection |
| 995 ## - | |
| -- | ANNEX COLLECTION (Main Library) |
| -- | 0.00 |
| -- | 709799 |
| -- | CBU-MAIN LIBRARY (Kitwe) |
| -- | 1 |
| -- | 0.00 |
| -- | BF 173 Fre |
| -- | 1 |
| -- | AVAILABLE |
| -- | May 15, 2006 |
| -- | 000969 |
| -- | Annex Low-Usage Collection |
| 995 ## - | |
| -- | ANNEX COLLECTION (Main Library) |
| -- | 0.00 |
| -- | 709796 |
| -- | CBU-MAIN LIBRARY (Kitwe) |
| -- | 4 |
| -- | 0.00 |
| -- | BF 173 Fre |
| -- | 4 |
| -- | AVAILABLE |
| -- | May 15, 2006 |
| -- | 000966 |
| -- | Annex Low-Usage Collection |
| 999 ## - | |
| -- | 79444 |
| -- | 79444 |
| Withdrawn status | Lost status | Source of classification or shelving scheme | Damaged status | Not for loan | Permanent Location | Current Location | Shelving location | Date acquired | Total Checkouts | Full call number | Barcode | Date last seen | Copy number | Price effective from | Koha item type | Collection code |
|---|---|---|---|---|---|---|---|---|---|---|---|---|---|---|---|---|
| CBU-MAIN LIBRARY, KITWE. | CBU-MAIN LIBRARY, KITWE. | 06/29/2023 | BF 173 Fre | 000970 | 06/29/2023 | 1 | 06/29/2023 | MONOGRAPH | ||||||||
| CBU-MAIN LIBRARY, KITWE. | CBU-MAIN LIBRARY, KITWE. | 06/29/2023 | BF 173 Fre | 000967 | 06/29/2023 | 2 | 06/29/2023 | MONOGRAPH | ||||||||
| CBU-MAIN LIBRARY, KITWE. | CBU-MAIN LIBRARY, KITWE. | 06/29/2023 | BF 173 Fre | 000968 | 06/29/2023 | 3 | 06/29/2023 | MONOGRAPH | ||||||||
| CBU-MAIN LIBRARY, KITWE. | CBU-MAIN LIBRARY, KITWE. | 06/29/2023 | BF 173 Fre | 000969 | 06/29/2023 | 4 | 06/29/2023 | MONOGRAPH | ||||||||
| Withdrawn | CBU-MAIN LIBRARY, KITWE. | CBU-MAIN LIBRARY, KITWE. | Annex Collection | 06/29/2023 | BF 173 Fre | 000966 | 06/29/2023 | 5 | 06/29/2023 | MONOGRAPH | ANNEX-Low Usage Collection |